[Event "SLO-chT1 Ost"]
[Site "Maribor"]
[Date "2012.10.12"]
[Round "2"]
[White "Brinovec, Franc"]
[Black "Adam, Miroslav"]
[Result "1/2-1/2"]
[WhiteElo "2092"]
[BlackElo "2106"]
[PlyCount "21"]
[EventDate "2012.10.11"]
[EventType "team-tourn"]
[EventRounds "9"]
[EventCountry "SLO"]
[SourceTitle "EXT 2022"]
[Source "ChessBase"]
[SourceDate "2021.10.06"]
[SourceVersion "1"]
[SourceVersionDate "2021.10.06"]
[SourceQuality "1"]

1. d4 Nf6 2. Nf3 g6 3. Bf4 Bg7 4. Nbd2 d5 5. e3 Nbd7 6. Bd3 0-0 7. 0-0 Nh5 8. Bg5 c5 9. c3 Re8 10. Re1 Qc7 11. Rc1 1/2-1/2

[Event "SLO-chT1 Ost"]
[Site "Sentjur"]
[Date "2011.10.23"]
[Round "9"]
[White "Titan, Matej"]
[Black "Brinovec, Franc"]
[Result "1/2-1/2"]
[WhiteElo "2091"]
[BlackElo "2088"]
[PlyCount "78"]
[EventDate "2011.10.13"]
[EventType "team-tourn"]
[EventRounds "9"]
[EventCountry "SLO"]
[SourceTitle "EXT 2022"]
[Source "ChessBase"]
[SourceDate "2021.10.06"]
[SourceVersion "1"]
[SourceVersionDate "2021.10.06"]
[SourceQuality "1"]
[WhiteTeam "Radenska Pomgrad II"]
[BlackTeam "Zalec"]
[WhiteTeamCountry "SLO"]
[BlackTeamCountry "SLO"]

1. d4 d5 2. Nf3 Nf6 3. c4 c6 4. e3 Bg4 5. Nc3 e6 6. Qb3 Qb6 7. Nh4 Be7 8. h3 Bh5 9. g4 Bg6 10. Nxg6 hxg6 11. Bg2 dxc4 12. Qxc4 Nbd7 13. Bd2 0-0 14. Qb3 Qxb3 15. axb3 Nd5 16. Ke2 Rfe8 17. Rhc1 a6 18. f4 Rad8 19. g5 f6 20. h4 Kf7 21. Nxd5 exd5 22. Kf2 Bd6 23. Bf3 Rh8 24. Rh1 Rdg8 25. Rag1 f5 26. Rh2 Rh7 27. Rgh1 Rgh8 28. Be2 Nf8 29. Bd3 Ke6 30. Be2 Kf7 31. Bf3 Ke6 32. Ke2 Kf7 33. Kd3 Ne6 34. h5 gxh5 35. Rxh5 Kg6 36. Rxh7 Rxh7 37. Rxh7 Kxh7 38. Bh5 g6 39. Bf3 Kg7 1/2-1/2

[Event "POL-chT3 Mazowiecki"]
[Site "Warsaw"]
[Date "2011.02.06"]
[Round "5.32"]
[White "Brinovec, Franc"]
[Black "Suchocki, Tomasz"]
[Result "1/2-1/2"]
[WhiteElo "2108"]
[BlackElo "1965"]
[PlyCount "79"]
[EventDate "2011.01.09"]
[EventType "team-tourn"]
[EventRounds "10"]
[EventCountry "POL"]
[SourceTitle "EXT 2015"]
[Source "ChessBase"]
[SourceDate "2014.11.20"]
[SourceVersion "1"]
[SourceVersionDate "2014.11.20"]
[SourceQuality "1"]
[WhiteTeam "Zielonka Zieloni II"]
[BlackTeam "Warszawa KU AZS UW w III"]
[WhiteTeamCountry "POL"]
[BlackTeamCountry "POL"]

1. d4 Nf6 2. Nf3 c5 3. dxc5 Na6 4. g3 Nxc5 5. Bg2 e6 6. 0-0 Be7 7. b3 0-0 8. Bb2 d5 9. Nbd2 b5 10. Ne5 Qc7 11. c4 bxc4 12. Ndxc4 Ba6 13. Nd2 Bd6 14. Ndf3 Rac8 15. Rc1 Qb7 16. Re1 Nce4 17. Nd3 Rxc1 18. Qxc1 Rc8 19. Qa1 Ne8 20. Nd4 Bf8 21. Rc1 Nc5 22. Nxc5 Bxc5 23. e3 e5 24. Nc2 f6 25. Rd1 Nc7 26. Rd2 Rd8 27. Qd1 Qa8 28. Bc3 Bb7 29. h4 a5 30. h5 Bb6 31. Bb2 Qc8 32. Qf3 Ba8 33. Qe2 Qa6 34. Qg4 Qc8 35. Qh4 Qe6 36. Bh3 Qe8 37. Bf1 Ne6 38. Ne1 Ng5 39. Bg2 Ne6 40. Qg4 1/2-1/2

[Event "SLO-chT1 Ost"]
[Site "Sentjur"]
[Date "2010.11.19"]
[Round "6"]
[White "Ivanec, Dezider"]
[Black "Brinovec, Franc"]
[Result "1/2-1/2"]
[WhiteElo "2180"]
[BlackElo "2104"]
[PlyCount "42"]
[EventDate "2010.11.04"]
[EventType "team-tourn"]
[EventRounds "9"]
[EventCountry "SLO"]
[SourceTitle "EXT 2022"]
[Source "ChessBase"]
[SourceDate "2021.10.06"]
[SourceVersion "1"]
[SourceVersionDate "2021.10.06"]
[SourceQuality "1"]
[WhiteTeam "Lendava Rokada"]
[BlackTeam "Zalec"]
[WhiteTeamCountry "SLO"]
[BlackTeamCountry "SLO"]

1. e4 d5 2. exd5 Nf6 3. Bb5+ Bd7 4. Bc4 Bf5 5. Nc3 Nbd7 6. d4 a6 7. Nge2 Nb6 8. Bd3 Bxd3 9. Qxd3 Nbxd5 10. Nxd5 Qxd5 11. 0-0 c6 12. Be3 e6 13. c4 Qd7 14. Rad1 Be7 15. Nc3 Rd8 16. Qe2 0-0 17. Rfe1 Rfe8 18. Bf4 Bd6 19. Be5 Be7 20. Na4 b5 21. Nc5 Qc8 1/2-1/2

[Event "SLO-chT1 East"]
[Site "Celje"]
[Date "2008.12.19"]
[Round "6"]
[White "Brinovec, Franc"]
[Black "Bajraktarevic, Bajro"]
[Result "1-0"]
[WhiteElo "2112"]
[BlackElo "1796"]
[PlyCount "79"]
[EventDate "2008.11.20"]
[EventType "team-tourn"]
[EventRounds "9"]
[EventCountry "SLO"]
[SourceTitle "EXT 2010"]
[Source "ChessBase"]
[SourceDate "2010.11.25"]
[SourceVersion "1"]
[SourceVersionDate "2010.11.25"]
[SourceQuality "1"]

1. d4 Nf6 2. Nf3 e6 3. c4 d5 4. Nc3 c6 5. e3 Bb4 6. Bd2 Nbd7 7. Bd3 dxc4 8. Bxc4 Qe7 9. Qb3 0-0 10. 0-0 h6 11. Rfe1 a5 12. a3 Bd6 13. Qc2 e5 14. Bd3 Re8 15. dxe5 Nxe5 16. Nxe5 Qxe5 17. f4 Qh5 18. Ne4 Nxe4 19. Bxe4 Be6 20. Bf3 Qb5 21. e4 Rad8 22. Be3 Bb3 23. Qf2 Bc7 24. Rac1 b6 25. Rc3 c5 26. e5 a4 27. g4 Qd7 28. Qg2 g5 29. Bc6 Qe7 30. Bxe8 Rxe8 31. Bc1 c4 32. Qc6 Kg7 33. Qf6+ Qxf6 34. exf6+ Kf8 35. Rxe8+ Kxe8 36. fxg5 hxg5 37. Bxg5 Kd7 38. Re3 Kc6 39. h4 b5 40. Re2 1-0

[Event "SLO-chT1 East"]
[Site "Celje"]
[Date "2008.12.14"]
[Round "5"]
[White "Brinovec, Franc"]
[Black "Plahuta, Darko"]
[Result "1/2-1/2"]
[WhiteElo "2112"]
[BlackElo "2101"]
[PlyCount "26"]
[EventDate "2008.11.20"]
[EventType "team-tourn"]
[EventRounds "9"]
[EventCountry "SLO"]
[SourceTitle "EXT 2010"]
[Source "ChessBase"]
[SourceDate "2010.11.25"]
[SourceVersion "1"]
[SourceVersionDate "2010.11.25"]
[SourceQuality "1"]

1. d4 e6 2. Nf3 d5 3. c4 Nf6 4. Nc3 c6 5. e3 Bd6 6. Bd3 Nbd7 7. cxd5 exd5 8. 0-0 0-0 9. Qc2 Re8 10. Rb1 Nf8 11. Bf5 g6 12. Bxc8 Rxc8 13. b4 a6 1/2-1/2

[Event "SLO-chT1 East"]
[Site "Celje"]
[Date "2007.11.09"]
[Round "2"]
[White "Radosavljevic, Robi"]
[Black "Brinovec, Franc"]
[Result "1/2-1/2"]
[WhiteElo "2116"]
[BlackElo "2108"]
[PlyCount "46"]
[EventDate "2007.11.11"]
[EventType "team-tourn"]
[EventRounds "9"]
[EventCountry "SLO"]
[SourceTitle "EXT 2010"]
[Source "ChessBase"]
[SourceDate "2010.11.25"]
[SourceVersion "1"]
[SourceVersionDate "2010.11.25"]
[SourceQuality "1"]

1. Nf3 d5 2. g3 Nf6 3. Bg2 c6 4. 0-0 Bf5 5. d3 Nbd7 6. Nbd2 e6 7. c4 Be7 8. b3 0-0 9. Bb2 h6 10. Re1 Re8 11. e4 Bg4 12. Qc2 Qa5 13. h3 Bh5 14. a3 dxe4 15. dxe4 Bg6 16. b4 Qc7 17. Qc3 a5 18. e5 Nh7 19. Ne4 Bxe4 20. Rxe4 Nb6 21. c5 Na4 22. Qc2 Nxb2 23. Qxb2 Ng5 1/2-1/2

[Event "Mazowiec-chT 0708"]
[Site "Poland"]
[Date "2007.10.28"]
[Round "2"]
[White "Brinovec, Franc"]
[Black "Marczukiewicz, Jerzy"]
[Result "1-0"]
[WhiteElo "2108"]
[BlackElo "2000"]
[PlyCount "97"]
[EventDate "2007.10.14"]
[EventType "team-tourn"]
[EventRounds "10"]
[EventCountry "POL"]
[SourceTitle "EXT 2010"]
[Source "ChessBase"]
[SourceDate "2010.11.25"]
[SourceVersion "1"]
[SourceVersionDate "2010.11.25"]
[SourceQuality "1"]

1. d4 Nf6 2. Nf3 c5 3. c4 cxd4 4. Nxd4 e5 5. Nb5 d5 6. cxd5 Bc5 7. e3 0-0 8. N5c3 e4 9. Be2 Nbd7 10. Nd2 Re8 11. Qc2 Qe7 12. a3 a5 13. h3 g5 14. Nc4 Ne5 15. Nxe4 Bf5 16. Nxf6+ Qxf6 17. Qc3 Nd3+ 18. Bxd3 Qxc3+ 19. bxc3 Bxd3 20. Nd2 b5 21. Nb3 Bb6 22. Bd2 Re5 23. 0-0-0 Rxd5 24. Kb2 Rad8 25. Rhe1 f5 26. Nd4 Kf7 27. Bc1 Bc4 28. g4 fxg4 29. hxg4 b4 30. axb4 axb4 31. cxb4 Bxd4+ 32. Rxd4 Rxd4 33. exd4 Rxd4 34. Kc3 Rxg4 35. f3 Rh4 36. Bxg5 Rh5 37. Kxc4 Rxg5 38. b5 Rg2 39. b6 Rb2 40. Kc5 Kf6 41. Re4 h5 42. Rb4 Rc2+ 43. Kb5 Rc8 44. b7 Rb8 45. Kc6 Kg5 46. Kc7 Rxb7+ 47. Kxb7 h4 48. Rg4+ Kh5 49. Rg8 1-0